[Event "Frankfurt Ch 2012"]
[Site "Ffm-Kalbach, LAZ"]
[Date "2012.04.30"]
[Round "1.55"]
[White "Meiser, Nicolas"]
[Black "Honert, Stefan"]
[Result "1-0"]
[WhiteElo "1839"]
[BlackElo "1345"]
[PlyCount "71"]
[EventDate "2012.??.??"]
[WhiteTeam "SV Lahn Limburg"]
[BlackTeam "Sfr. Frankfurt 1921"]

1. d4 d5 2. Nf3 e6 3. e3 c5 4. c3 Nc6 5. Bd3 Nf6 6. Nbd2 Be7 7. O-O O-O 8. Qe2
Qc7 9. dxc5 Bxc5 10. e4 e5 11. exd5 Nxd5 12. Nb3 Bd6 13. Qe4 Nf6 14. Qh4 Ne7
15. Bg5 Ng6 16. Bxg6 fxg6 17. Nbd2 Bf5 18. Qc4+ Kh8 19. Rfe1 Rfe8 20. Qxc7 Bxc7
21. Nc4 Ne4 22. Bh4 b5 23. Ne3 Bd8 24. Rad1 Bf6 25. Bxf6 gxf6 26. Nxf5 gxf5 27.
Nh4 Rad8 28. Nxf5 Ng5 29. f3 Kg8 30. Kf1 Ne6 31. Rd6 Rxd6 32. Nxd6 Rd8 33. Rd1
Kf8 34. Rd2 Ng7 35. Ke1 Ke7 36. Nxb5 1-0

[Event "Frankfurt Ch 2012"]
[Site "Ffm-Kalbach, LAZ"]
[Date "2012.04.30"]
[Round "1.56"]
[White "Bernhardt, Winfried"]
[Black "Fröhlich-Dill, Astrid"]
[Result "0-1"]
[WhiteElo "1304"]
[BlackElo "1825"]
[PlyCount "70"]
[EventDate "2012.??.??"]
[WhiteTeam "SV 1997 Nauheim"]
[BlackTeam "SV 1920 Hofheim"]

1. e4 c5 2. Nf3 Nc6 3. d4 cxd4 4. Nxd4 e6 5. Be3 Nf6 6. f3 a6 7. Be2 d5 8. Nxc6
bxc6 9. e5 Nd7 10. Bf4 Qb6 11. b3 Bc5 12. c3 Bf2+ 13. Kf1 Be3 14. Bg3 O-O 15.
Qd3 d4 16. c4 f6 17. exf6 Nxf6 18. Na3 Nh5 19. Nc2 Nf4 20. Bxf4 Rxf4 21. g3 Rf6
22. Kg2 Bb7 23. Nxe3 dxe3 24. Rad1 Raf8 25. Qc3 e5 26. c5 Qc7 27. Qxe3 Qe7 28.
Rd3 Bc8 29. f4 Qe6 30. Rd2 Qh3+ 31. Kg1 exf4 32. Bc4+ Kh8 33. Qe7 fxg3 34. Rg2
Qg4 35. Rxg3 Qd1+ 0-1

[Event "Frankfurt Ch 2012"]
[Site "Ffm-Kalbach, LAZ"]
[Date "2012.04.30"]
[Round "1.58"]
[White "Mook, Karl-Jürgen"]
[Black "Rennhack, Peer"]
[Result "0-1"]
[WhiteElo "1278"]
[BlackElo "1820"]
[PlyCount "96"]
[EventDate "2012.??.??"]
[WhiteTeam "Sfr. Frankfurt 1921"]
[BlackTeam "Sabt Frankfurter TV 1860"]

1. e4 Nf6 2. e5 Nd5 3. d4 d6 4. Nf3 dxe5 5. Nxe5 Nd7 6. Nf3 g6 7. c4 N5b6 8.
Nc3 Bg7 9. Be3 Nf6 10. h3 O-O 11. Bd3 Re8 12. O-O c6 13. Qd2 Nh5 14. Bh6 Bxd4
15. Nxd4 Qxd4 16. Be3 Qd8 17. Qc2 Be6 18. Rfd1 Qc7 19. b3 Ng7 20. Qe2 Rad8 21.
Bc2 Bf5 22. Ne4 Qe5 23. Qf3 Qb2 24. Rac1 Bxe4 25. Bxe4 Qxa2 26. Bf4 Rxd1+ 27.
Rxd1 Ne6 28. Bh6 Qb2 29. Rb1 Qe5 30. Be3 Rd8 31. Re1 Ng5 32. Bxg5 Qxg5 33. Qc3
Qd2 34. Qe3 Qxe3 35. Rxe3 a5 36. c5 Rd1+ 37. Kh2 Nd7 38. Rc3 Rd4 39. Bc2 f5 40.
Kg1 Kg7 41. Kf1 Kf6 42. Ke2 Rd5 43. Ke3 Nxc5 44. f4 e5 45. fxe5+ Rxe5+ 46. Kd4
Ne6+ 47. Kd3 Nf4+ 48. Kc4 b5+ 0-1

[Event "Frankfurt Ch 2012"]
[Site "Ffm-Kalbach, LAZ"]
[Date "2012.04.30"]
[Round "1.61"]
[White "Minor, Samuel"]
[Black "Rosa, Mike"]
[Result "1/2-1/2"]
[WhiteElo "2177"]
[BlackElo "2041"]
[PlyCount "27"]
[EventDate "2012.??.??"]
[WhiteTeam "Wiesbadener SV 1885"]
[BlackTeam "SC 1961 König Nied"]

1. e4 c5 2. Nf3 e6 3. d4 cxd4 4. Nxd4 a6 5. Nc3 Qc7 6. Bd3 Bc5 7. Nb3 Ba7 8.
Qg4 Ne7 9. Bf4 d6 10. e5 h5 11. exd6 Qxc3+ 12. bxc3 hxg4 13. dxe7 Nc6 14. Be4
1/2-1/2